000 00455nam a2200145 i 4500
001 85549
003 ES-MaACL
007 t|
008 041129s1906 sp ||||1| spa d
100 1 _aJust Lloret, Julio.
_967346
245 1 0 _aCriminología de los gobiernos españoles
_b: (estudio político-social) /
_cJulio Just Lloret.
260 _aBarcelona :
_b[s.n.,
_c1906] (
_fImp. de Ramón Pujol)
300 _a239 p. ;
_c19 cm.
852 _aES-MaACL
_jG-13488
999 _c85549
_d85549